Random Geography Trivia #1 - Statistics

General Stats
  • This quiz has been taken 41 times
  • The average score is 10 of 15
Answer Stats
Hint Answer % Correct
Which country has now surpassed China as the most populous? India
97%
Landlocked country inside South Africa? Lesotho
95%
Island state of Australia? Tasmania
92%
Ecuadorian island chain? Galapagos
89%
What is the capital city of Morocco? Rabat
89%
What is the former capital of Japan? Kyoto
86%
Language spoken in Uzbekistan? Uzbek
86%
What is the only country to have Romanian as an official language apart from Romania? Moldova
78%
What is the capital of that country? Chisinau
73%
The capital city of that state? Hobart
68%
How many counties does the Republic of Ireland have? 26
49%
Romanian city famous for holding the UNTOLD festival? Cluj-Napoca
38%
What is the separatist region of this same country? Transnistria
38%
British motorway that goes from London to Leeds? M1
22%
The strait that separates that state from mainland Australia? Bass Strait
19%
No matching quizzes found
Score Distribution
Percent of People with Each Score
Percentile by Number Answered
Your Score History
You have not taken this quiz